[Event "Knights-Excaliburs"]
[Site "?"]
[Date "2002.09.18"]
[Round "?"]
[White "Fridman, Yuri"]
[Black "Friske, Tom"]
[Result "1-0"]
[WhiteElo "2110"]
[BlackElo "2073"]
[PlyCount "74"]
[EventDate "2002.??.??"]

1. d4 Nf6 2. c4 g6 3. Nc3 d5 4. Nf3 Bg7 5. Qb3 dxc4 6. Qxc4 O-O 7. e4 Nfd7 8.
d5 Nb6 9. Qb3 c6 10. Be3 cxd5 11. exd5 Bg4 12. Be2 N8d7 13. O-O Rc8 14. Rad1
Bxf3 15. Bxf3 Nc4 16. Bd4 Na5 17. Qc2 Bxd4 18. Rxd4 Ne5 19. Be2 Qc7 20. Qe4 a6
21. Qh4 Nac4 22. Qh6 f6 23. Bxc4 Nxc4 24. Ne2 Nd6 25. Qe3 Kg7 $2 (25... Kh8)
26. Nf4 Nf5 27. Ne6+ Kf7 (27... Kh8 28. Qh3 Qe5) 28. Qh3 Qc2 29. Qxh7+ Ke8 30.
Qxg6+ Kd7 31. Nxf8+ Rxf8 32. Rf4 Nd4 33. Qg4+ f5 34. Qg7 Ne2+ 35. Kh1 Rf6 36.
Rf3 Nd4 37. Re3 Rb6 {Black flagged} 1-0

[Event "Excaliburs-Knights"]
[Site "?"]
[Date "2002.09.18"]
[Round "?"]
[White "Sollano, Ely"]
[Black "Thomson, Jim"]
[Result "1-0"]
[WhiteElo "1998"]
[BlackElo "2016"]
[PlyCount "80"]
[EventDate "2002.??.??"]

1. Nf3 d5 2. c4 d4 3. b4 c5 4. Bb2 f6 5. e3 e5 6. bxc5 Bxc5 7. exd4 exd4 8. Qc2
Nc6 9. a3 Qe7+ 10. Be2 Nh6 11. d3 O-O 12. O-O Bg4 13. Bd1 Rfe8 14. Nbd2 Rad8
15. Nb3 Nf7 16. Nfd2 Bf5 17. Bf3 Nfe5 18. Be4 Bxe4 19. Nxe4 b6 20. Ng3 Qf7 21.
Bc1 Qg6 22. Rd1 Re7 23. Bf4 Rde8 24. Nxc5 bxc5 25. Rab1 Qf7 26. Nf5 Re6 27. h3
Qg6 28. Ng3 Qf7 29. Ne4 Ng6 30. Bg3 Qe7 31. Rb5 f5 32. Nd2 Re1+ 33. Nf1 f4 34.
Bh2 Re2 35. Rd2 Re1 36. Rb1 Rxb1 37. Qxb1 Qe1 38. Rd1 Qc3 39. Qb5 Rc8 40. Qxc5
Nce7 {Black flagged} 1-0

[Event "Knights-Excaliburs"]
[Site "?"]
[Date "2002.09.18"]
[Round "?"]
[White "Augsburger, Len"]
[Black "Kogan, Greg"]
[Result "1-0"]
[WhiteElo "1755"]
[BlackElo "1849"]
[PlyCount "63"]
[EventDate "2002.??.??"]

1. e4 e5 2. Nf3 Nc6 3. Bb5 a6 4. Ba4 Nf6 5. O-O Be7 6. Re1 O-O 7. c3 d6 8. h3
b5 9. Bc2 Re8 10. d4 exd4 11. cxd4 h6 12. Nbd2 Bf8 13. Nf1 Bb7 14. Ng3 a5 15.
a3 b4 16. Qd3 Ba6 17. Qd1 Bc8 18. Bd2 Bb7 19. Ba4 Re7 20. d5 Ne5 21. Nxe5 Rxe5
22. axb4 axb4 23. Bxb4 Qe7 24. Bc3 Rg5 25. Nf5 Qd8 26. Qd4 Be7 27. Bd2 Rh5 28.
Ng3 Rh4 29. Nf5 Rh5 30. g4 Rxh3 31. Kg2 Nxg4 32. Qxg7# 1-0

[Event "Excaliburs-Knights"]
[Site "?"]
[Date "2002.09.18"]
[Round "?"]
[White "Sullivan, Jim"]
[Black "Balicki, Jeff"]
[Result "1-0"]
[WhiteElo "1755"]
[BlackElo "1700"]
[PlyCount "107"]
[EventDate "2002.??.??"]

1. d4 Nf6 2. c4 d6 3. Nc3 g6 4. e4 Bg7 5. Bd3 O-O 6. Nge2 Nc6 7. O-O e5 8. d5
Nb4 9. Bb1 Nh5 10. a3 Na6 11. Ng3 Nf4 12. Nce2 g5 13. Nf5 Bxf5 14. exf5 c6 15.
Ng3 cxd5 16. cxd5 Rc8 17. b4 Nc7 18. Be4 Ne8 19. Be3 a5 20. Rc1 Rxc1 21. Qxc1
Nf6 22. Qd2 axb4 23. axb4 h5 24. f3 h4 25. Nh1 Qa8 26. Nf2 Rc8 27. g3 hxg3 28.
hxg3 N4h5 29. Kg2 Nh7 30. Bxg5 Nxg5 31. Qxg5 Nf6 32. Qe3 Kf8 33. g4 Ke8 34. g5
Nh5 35. Nh3 Rc4 36. f6 Bf8 37. g6 Nxf6 38. gxf7+ Kxf7 39. Qg5 Rxb4 40. Qf5 Rb2+
41. Kg3 Qa2 42. Ng5+ Ke7 43. Qe6+ Kd8 44. Qxf6+ Kc7 45. Kg4 Rg2+ 46. Kf5 Qd2
47. Ne6+ Kb6 48. Qxf8 Rg5+ 49. Kf6 Rh5 50. Qxd6+ Kb5 51. Rb1+ Ka4 52. Nc5+ Ka5
53. Nxb7+ Ka4 54. Qa6+ 1-0

[Event "Knights-Excaliburs"]
[Site "?"]
[Date "2002.09.18"]
[Round "?"]
[White "Alphonso, Ed"]
[Black "Weitz, Ron"]
[Result "1-0"]
[WhiteElo "1586"]
[BlackElo "1640"]
[PlyCount "159"]
[EventDate "2002.??.??"]

1. e4 c5 2. Nf3 e6 3. Nc3 g6 4. Bc4 Bg7 5. d4 cxd4 6. Nxd4 Nc6 7. Ncb5 a6 8.
Nxc6 bxc6 9. Qf3 Nf6 10. Nd4 Qc7 11. e5 Qa5+ 12. c3 Qxe5+ 13. Be3 d5 14. Bb3
Bb7 15. Ba4 Rc8 16. O-O O-O 17. Rfe1 Qc7 18. Nb3 Ne4 19. Nc5 e5 20. Nxe4 dxe4
21. Qxe4 Kh8 22. Bc5 f5 23. Qb4 Rfd8 24. Rad1 Rxd1 25. Rxd1 a5 26. Qa3 Rd8 27.
Bd6 Qd7 28. Qc5 Qe8 (28... Bf8 $19 29. Bxf8 $4 Qxd1+ 30. Bxd1 Rxd1#) 29. Qxa5
Bf6 30. Qb6 Ba8 31. Qc5 Qd7 32. h3 Qe6 33. Bb3 Qc8 34. Bxe5 Rxd1+ 35. Bxd1 Qd8
36. Bxf6+ Qxf6 37. Qa7 Qd8 38. Qd4+ Qxd4 39. cxd4 Kg7 40. Bf3 Kf6 41. Kf1 Ke6
42. Ke2 Bb7 43. Kd3 Kd6 44. b4 Ba6+ 45. Kc3 g5 46. a3 h6 47. a4 Bf1 48. Kb3 h5
49. g4 fxg4 50. hxg4 h4 51. b5 cxb5 52. axb5 Bxb5 53. Bg2 Bc6 54. Bh3 Bf3 55.
Kc3 Kd5 56. Kd3 Bh1 57. Ke3 Be4 58. f3 Bc2 59. Bg2 Kc4 60. Bf1+ Kd5 61. Bg2 Kc4
62. f4 gxf4+ 63. Kxf4 Kxd4 64. g5 Bg6 65. Kg4 Ke3 66. Kxh4 Kf4 67. Bh3 Kf3 (
67... Be8 68. Bg4 Bf7 69. Bh5 Bg8 70. Bg6 Bb3 71. Kh5 Bd5 72. Kh6 Bb3 73. Bb1 (
73. Bh5 Bc2) 73... Bf7 $11) 68. Bg4+ Kf4 69. Bh5 Bd3 70. Bf7 Kf5 71. Kh5 Ke5
72. Kh6 Bf5 73. Bg6 Be6 74. Bh7 Bf7 75. Kg7 Kf4 76. Kf6 Kg4 77. Bg6 Bg8 78.
Bf5+ Kh5 79. g6 Kh6 80. Bg4 {and Black allowed P to advance and White got Be6
in while Black King away from Pawn} 1-0

[Event "Fermilab-Tyros"]
[Site "?"]
[Date "2002.09.24"]
[Round "?"]
[White "Staples, Carl"]
[Black "Diaz, Pablo"]
[Result "0-1"]
[WhiteElo "1639"]
[BlackElo "1990"]
[PlyCount "62"]
[EventDate "2002.??.??"]

1. c4 e5 2. g3 Nc6 3. Bg2 d6 4. Nc3 Be6 5. d3 Be7 6. e4 g5 7. Nge2 Qd7 8. Nd5
O-O-O 9. a3 Bh3 10. O-O Bxg2 11. Kxg2 h5 12. h3 f5 13. Nxe7+ Qxe7 14. b4 f4 15.
b5 Nb8 16. Qa4 g4 17. Nc3 f3+ 18. Kh2 h4 19. Nd5 hxg3+ 20. fxg3 Rxh3+ 21. Kg1
Rxg3+ 22. Kf2 Rg2+ 23. Ke1 Qh4+ 24. Kd1 Rf2 25. Rxf2 Qxf2 26. Be3 Qe2+ 27. Kc1
f2 28. Bxf2 Qxf2 29. b6 axb6 30. Rb1 g3 31. Rxb6 g2 0-1

[Event "Tyros-Fermilab"]
[Site "?"]
[Date "2002.09.24"]
[Round "?"]
[White "Hahne, Dave"]
[Black "Ailes, Tim"]
[Result "1-0"]
[WhiteElo "1643"]
[BlackElo "1527"]
[PlyCount "83"]
[EventDate "2002.??.??"]

1. d4 Nf6 2. c4 c5 3. d5 b5 4. cxb5 a6 5. Nc3 axb5 6. Nxb5 Qa5+ 7. Nc3 Ba6 8.
Bd2 d6 9. Ne4 Qb5 10. Nxf6+ exf6 11. Qc2 Nd7 12. Nf3 Ne5 13. Nxe5 fxe5 14. e4
Qb6 15. Bxa6 Qxa6 16. b3 Be7 17. Qc4 O-O 18. Qxa6 Rxa6 19. O-O Ra3 20. Bc1 Ra6
21. Bd2 Ra3 22. Rfb1 Rfa8 23. Rb2 Rb8 24. Rc1 Bd8 25. b4 Ba5 26. Rcc2 cxb4 27.
Bxb4 Rd3 28. h3 Bxb4 29. Rxb4 Ra8 30. Rb6 f5 31. Rb7 fxe4 32. Rcc7 Rxa2 33.
Rxg7+ Kf8 34. Rxh7 Kg8 35. h4 Rxd5 36. Rhd7 Ra8 37. h5 e3 38. fxe3 e4 39. h6
Ra1+ 40. Kh2 Rh5+ 41. Kg3 Ra8 42. Rg7+ 1-0

[Event "Tyros-Fermilab"]
[Site "?"]
[Date "2002.09.24"]
[Round "?"]
[White "LaForge, Wayne"]
[Black "Schultz, Ryan"]
[Result "1-0"]
[WhiteElo "1413"]
[BlackElo "1274"]
[PlyCount "83"]
[EventDate "2002.??.??"]

1. d4 Nf6 2. c4 c5 3. d5 b5 4. b3 g6 5. Bb2 Bg7 6. g3 bxc4 7. bxc4 d6 8. Bg2
O-O 9. Nf3 Nbd7 10. O-O a5 11. Nbd2 Nb6 12. e4 Nxe4 13. Bxg7 Nxd2 14. Bxf8
Nxf3+ 15. Qxf3 Kxf8 16. Qc3 f6 17. Rfe1 Bf5 18. Be4 Bh3 19. Rab1 Nd7 20. Qe3
Kg7 21. Bg2 Bf5 22. Qxe7+ Kh6 23. Qxd8 Rxd8 24. Be4 Ne5 25. Rbc1 Kg5 26. f4+
Kg4 27. fxe5 fxe5 28. Bxf5+ gxf5 29. Kg2 h5 30. Rb1 h4 31. h3+ Kg5 32. gxh4+
Kxh4 33. Kf3 a4 34. Rg1 e4+ 35. Kf4 Kxh3 36. Rg3+ Kh2 37. Rb2+ Kh1 38. Rc3 Rg8
39. Rc1+ Rg1 40. Rxg1+ Kxg1 41. Kxf5 e3 42. Kf4 1-0

[Event "Fermilab-Tyros"]
[Site "?"]
[Date "2002.09.24"]
[Round "?"]
[White "Cease, Herman"]
[Black "Karpierz, Joe"]
[Result "1-0"]
[WhiteElo "1278"]
[BlackElo "1264"]
[PlyCount "89"]
[EventDate "2002.??.??"]

1. e4 e5 2. Nf3 Nc6 3. d4 exd4 4. Nxd4 Nxd4 5. Qxd4 d6 6. Nc3 Be6 7. Be2 Nf6 8.
O-O Be7 9. Bf4 O-O 10. e5 dxe5 11. Qxd8 Rfxd8 12. Bxe5 c6 13. a3 Bf5 14. Rac1
Nd5 15. Nxd5 Rxd5 16. Bf4 Bc5 17. Bf3 Rd7 18. Rfe1 h6 19. Re5 Bxf2+ 20. Kxf2
Be6 21. Rd1 Rxd1 22. Bxd1 Rd8 23. Bf3 Kf8 24. Be3 a6 25. Bc5+ Kg8 26. Kg3 g6
27. Bg4 Bxg4 28. Kxg4 Rd2 29. Re8+ Kg7 30. Kh3 Rxc2 31. Bd4+ f6 32. Re7+ Kf8
33. Rxb7 f5 34. Bg7+ Ke8 35. Bxh6 c5 36. Bg7 g5 37. Be5 Re2 38. Bd6 Re3+ 39. g3
c4 40. Ra7 f4 41. Re7+ Rxe7 42. Bxe7 Kxe7 43. gxf4 gxf4 44. Kg4 Kd6 45. Kxf4
1-0

[Event "Kemper-UOP"]
[Site "?"]
[Date "2002.09.19"]
[Round "?"]
[White "Siwek, Mark"]
[Black "Stevanovic, Mike"]
[Result "1-0"]
[WhiteElo "2002"]
[BlackElo "2252"]
[PlyCount "50"]
[EventDate "2002.??.??"]

1. e4 d6 2. d4 Nf6 3. Nc3 c6 4. Nf3 Bg4 5. Be2 e6 6. O-O d5 7. exd5 cxd5 8. Ne5
Bxe2 9. Qxe2 a6 10. Bg5 Be7 11. Rad1 h6 12. Bxf6 Bxf6 13. Na4 Bxe5 14. Qxe5 O-O
15. Rd3 Nd7 16. Qf4 Rc8 17. Rg3 Kh7 18. Nc5 Nxc5 19. dxc5 Rxc5 20. Qd4 g6 21.
Qxc5 Qb8 22. Qe7 b5 23. Rf3 Kg8 24. Re1 Qd8 25. Qxd8 Rxd8 1-0

[Event "UOP-Kemper"]
[Site "?"]
[Date "2002.09.19"]
[Round "?"]
[White "Buerger, Ed"]
[Black "Easton, Richard"]
[Result "0-1"]
[WhiteElo "2028"]
[BlackElo "1759"]
[PlyCount "66"]
[EventDate "2002.??.??"]

1. d4 d5 2. c4 c6 3. Nc3 Nf6 4. Bg5 e6 5. e3 Nbd7 6. Nf3 h6 7. Bh4 Be7 8. Qc2
O-O 9. cxd5 exd5 10. Bd3 Re8 11. O-O Ne4 12. Nxe4 dxe4 13. Bxe4 Bxh4 14. Rac1
Be7 15. Qb3 Nf6 16. Bb1 Qb6 17. Qc2 Bd6 18. h3 Qb5 19. Rfe1 Re4 20. Nd2 Rh4 21.
e4 Rh5 22. g4 Rxh3 23. e5 Bc7 24. exf6 g6 25. Qe4 Qg5 26. Qg2 Rh2 27. Qxh2
Bxh2+ 28. Kxh2 Qxd2 29. Kg3 Qg5 30. f4 Qxf6 31. Kf3 h5 32. Kg3 Qxd4 33. Rc2 h4+
{White made the control and RESIGNED} 0-1

[Event "Kemper-UOP"]
[Site "?"]
[Date "2002.09.19"]
[Round "?"]
[White "Olsen, Art"]
[Black "Lechnick, Jay"]
[Result "*"]
[WhiteElo "1554"]
[BlackElo "1718"]
[PlyCount "53"]
[EventDate "2002.??.??"]

1. d4 f5 2. Nf3 Nf6 3. Nc3 e6 4. Bg5 Be7 5. Bxf6 Bxf6 6. e3 O-O 7. Bd3 d5 8.
Ne2 Nc6 9. a3 Qe8 10. c4 Ne7 11. Nf4 c6 12. a4 g5 13. Ne2 Ng6 14. g3 Qe7 15.
Qb3 Rb8 16. Qa3 Qc7 17. O-O Rf7 18. Rac1 Be7 19. Qa2 Qd6 20. c5 Qc7 21. Qb1 e5
22. Ne1 h5 23. Nf4 Nxf4 24. exf4 h4 25. f3 hxg3 26. hxg3 Rg7 27. Ng2 {
the White King got exposed, something happened Qside.} *

[Event "UOP-Kemper"]
[Site "?"]
[Date "2002.09.19"]
[Round "?"]
[White "Micklich, Frank"]
[Black "Wirtz, Bob"]
[Result "1-0"]
[WhiteElo "1639"]
[BlackElo "1350"]
[PlyCount "49"]
[EventDate "2002.??.??"]

1. e4 c5 2. Nf3 d6 3. d4 cxd4 4. Nxd4 Nf6 5. Nc3 g6 6. Be3 Bg7 7. f3 O-O 8. Qd2
Nc6 9. Bc4 a6 10. Bb3 Ne5 11. O-O-O b5 12. Kb1 Nc4 13. Qf2 Bd7 14. h4 b4 15.
Nce2 Na5 16. g4 Nxb3 17. cxb3 h5 18. gxh5 Nxh5 19. Nf4 Nxf4 20. Bxf4 e5 21. Be3
exd4 22. Bxd4 Bxd4 23. Qxd4 Rc8 24. h5 Rc5 25. hxg6 1-0

[Event "Chargers-Pawns"]
[Site "?"]
[Date "2002.09.23"]
[Round "?"]
[White "Marcowka, Bob"]
[Black "Jakstas, Kaz"]
[Result "0-1"]
[WhiteElo "1979"]
[BlackElo "2129"]
[PlyCount "48"]
[EventDate "2002.??.??"]

1. d4 Nf6 2. g3 g6 3. Bg2 Bg7 4. e4 d6 5. c3 Nbd7 6. Ne2 e5 7. O-O O-O 8. Qb3
c6 9. Nd2 Qc7 10. Nc4 Re8 11. Qa3 Bf8 12. dxe5 dxe5 13. Qb3 Nc5 14. Qc2 Be6 15.
Nd2 Rad8 16. Nb1 h6 17. h3 Bc4 18. b4 Bd3 19. Qb2 Ncxe4 20. Kh2 Nd5 21. Bxe4
Bxe4 22. f4 Bd3 23. c4 Nxb4 24. fxe5 Qxe5 0-1

[Event "Pawns-Chargers"]
[Site "?"]
[Date "2002.09.23"]
[Round "?"]
[White "Fabijonas, R."]
[Black "Thomas, Jerry"]
[Result "1-0"]
[WhiteElo "1681"]
[BlackElo "1563"]
[PlyCount "120"]
[EventDate "2002.??.??"]

1. e4 c5 2. Nf3 d6 3. Nc3 Nf6 4. h3 g6 5. Bc4 Bg7 6. O-O O-O 7. d3 a6 8. a4 Nc6
9. d4 cxd4 10. Nxd4 Nxd4 11. Qxd4 Qc7 12. Qd3 Nd7 13. Nd5 Qd8 14. c3 Ne5 15.
Qe2 Nxc4 16. Qxc4 Be6 17. a5 Rc8 18. Qb4 Bxd5 19. exd5 Qd7 20. Be3 e5 21. Ra3
f5 22. f4 e4 23. Rb3 Rf7 24. Rd1 h5 25. c4 Bf8 26. Rc1 Qd8 27. Rbc3 Qd7 28. Qb3
Bg7 29. R3c2 Kh7 30. c5 dxc5 31. Rxc5 Rxc5 32. Bxc5 Bf8 33. Bb6 Bg7 34. Rc7
Qxc7 35. Bxc7 Rxc7 36. Qb6 Rc1+ 37. Kh2 Rd1 38. Qxb7 h4 39. Qe7 Rxd5 40. Qxh4+
Bh6 41. Qe7+ Bg7 42. b4 Rb5 43. Qa7 Rxb4 44. Qxa6 e3 45. Qd3 Re4 46. Qe2 Bd4
47. Kg3 Kh6 48. Kf3 Re7 49. g4 fxg4+ 50. hxg4 Rb7 51. Qd3 Ba7 52. g5+ Kg7 53.
Qc3+ Kh7 54. Qc6 Rf7 55. Qe6 Kg7 56. Qe5+ Kh7 57. Ke2 Rd7 58. Qe6 Rd2+ 59. Ke1
Rf2 60. Qh3+ Kg8 1-0

[Event "Chargers-Pawns"]
[Site "?"]
[Date "2002.09.23"]
[Round "?"]
[White "Stamm, Vern"]
[Black "Abdullah, Dean"]
[Result "1-0"]
[WhiteElo "1496"]
[BlackElo "1512"]
[PlyCount "115"]
[EventDate "2002.??.??"]

1. e4 b6 2. d4 g6 3. Nf3 Bb7 4. Nc3 Bg7 5. Be2 e6 6. O-O Nc6 7. Re1 Nf6 8. e5
Ng8 9. Bg5 Nge7 10. a3 h6 11. Bxe7 Qxe7 12. Bc4 O-O-O 13. d5 exd5 14. Nxd5 Qc5
15. Qd3 Rhe8 16. b4 Qf8 17. Ba6 Kb8 18. Bxb7 Kxb7 19. Rad1 Bxe5 20. Nxe5 Rxe5
21. Rxe5 Nxe5 22. Qe4 Nc6 23. b5 Nb8 24. Nb4+ c6 25. Re1 d5 26. Qe7+ Ka8 27.
bxc6 Qxe7 28. Rxe7 Rc8 29. Nxd5 Nxc6 30. Rxf7 Rd8 31. Nc7+ Kb8 32. Na6+ Ka8 33.
g3 Ne5 34. Rg7 Rd2 35. h3 Rxc2 36. Nc7+ Kb8 37. Nb5 a6 38. Nd6 b5 39. Rg8+ Ka7
40. f4 Nf3+ 41. Kf1 Rd2 42. Rxg6 h5 43. Ne4 Rh2 44. h4 Ra2 45. f5 Rxa3 46. f6
Ne5 47. Rg7+ Kb6 48. Re7 Ng6 49. Rg7 Nf8 50. Kg2 b4 51. f7 b3 52. Rg8 Ra2+ 53.
Kh3 b2 54. Rxf8 Ka5 55. Rb8 Ra1 56. Rxb2 (56. f8=Q b1=Q 57. Rxb1 Rxb1 58. Qd8+
Kb4 (58... Ka4 59. Nc3+) 59. Qb8+ Kc4 60. Qxb1) 56... Rf1 57. Rf2 Rh1+ 58. Kg2
1-0

[Event "Pawns-Chargers"]
[Site "?"]
[Date "2002.09.23"]
[Round "?"]
[White "Mikulecky, B."]
[Black "Dobr, K."]
[Result "1/2-1/2"]
[WhiteElo "1470"]
[BlackElo "1454"]
[PlyCount "113"]
[EventDate "2002.??.??"]

1. e4 c5 2. c3 Nf6 3. e5 Nd5 4. Bc4 e6 5. Qf3 Nb6 6. Bb3 Nc6 7. Qe3 Qc7 8. Nf3
a5 9. d3 d6 10. d4 dxe5 11. dxe5 a4 12. Bc2 Nc4 13. Qe4 N4xe5 14. O-O Nxf3+ 15.
Qxf3 Bd6 16. b3 axb3 17. Bxb3 Ne5 18. Qe2 Ng6 19. g3 b6 20. Nd2 Bb7 21. Nc4 Qc6
22. Nxd6+ Qxd6 23. Rd1 Qc7 24. Bd5 O-O 25. Bxb7 Qxb7 26. Be3 Rac8 27. Rab1 Qc6
28. Bf4 Rfd8 29. c4 Nxf4 30. gxf4 Qc7 31. Qe4 h6 32. f5 e5 33. Re1 f6 34. Red1
Rxd1+ 35. Rxd1 Rd8 36. Rd5 Rxd5 37. Qxd5+ Kh7 38. Qe6 Qd8 39. h3 Qd3 40. Kg2
Qe4+ 41. Kg1 Qh4 42. Qxb6 Qxc4 43. Qc6 Qc1+ 44. Kh2 c4 45. Qg2 Qg5 46. Kg1 Qxf5
47. a4 Qb1+ 48. Kh2 Qa1 49. Qe4+ Kg8 50. Qxc4+ Kh7 51. Qe4+ g6 52. Qb7+ Kg8 53.
Qd5+ Kf8 54. a5 Ke7 55. Qb7+ Ke6 56. Qc8+ Kd5 57. Qd7+ 1/2-1/2

[Event "Case-Pawns"]
[Site "?"]
[Date "2002.10.15"]
[Round "?"]
[White "Fraats, D."]
[Black "Jakstas, Kaz"]
[Result "1/2-1/2"]
[WhiteElo "1869"]
[BlackElo "2129"]
[PlyCount "29"]
[EventDate "2002.??.??"]

1. d4 Nf6 2. Nf3 g6 3. e3 Bg7 4. Nbd2 d6 5. Be2 O-O 6. O-O Nc6 7. Re1 e5 8.
dxe5 Nxe5 9. Nxe5 dxe5 10. e4 Be6 11. c3 c6 12. Qc2 Qc7 13. Bc4 Rfe8 14. Bxe6
Rxe6 15. Nf3 1/2-1/2

[Event "Case-Pawns"]
[Site "?"]
[Date "2002.10.15"]
[Round "?"]
[White "Reid, Carl"]
[Black "O'Dell, David"]
[Result "1/2-1/2"]
[WhiteElo "1540"]
[BlackElo "1475"]
[PlyCount "72"]
[EventDate "2002.??.??"]

1. d4 d5 2. Nf3 Nf6 3. e3 Bf5 4. c4 c6 {#A transposition to QGD Slav. White
has better center, but Black's pieces are active.} 5. cxd5 {
The Exchange Variation tends to be a little too symmetric, as this game shows.}
5... cxd5 6. Nc3 a6 7. Be2 e6 8. a3 Be7 {#} 9. Nh4 {"Knights on the rim" if
Black can cover f3 with a Pawn, the h4-Knight is stranded.} 9... Be4 10. Nxe4
Nxe4 (10... dxe4 {#} 11. g3 (11. Qc2 $2 Nd5 {wins Nh4} 12. g3 Bxh4 13. gxh4
Qxh4) 11... Nd5 12. Ng2 {and an eventual f3}) 11. Nf3 O-O 12. O-O Nc6 13. b4 b5
14. Bb2 {#At least the "bad" Bishop fights Black's freeing move -e5} 14... Bd6
15. Ne5 Ne7 16. f3 Nf6 {#} 17. Bd3 Rc8 18. Rc1 Nd7 {#} 19. Qd2 (19. f4 f6 $5 {
loosens g6} (19... Nf6 $6 20. Qf3 {# and White can consider g4, etc}) 20. Nf3)
19... f6 20. Rxc8 Qxc8 21. Rc1 {the c-file gives White a minimal edge} 21...
Qb7 22. Nxd7 {each trade gives Black more space and lessens hopes of pressure}
(22. Ng4 {with idea Nf2 and e4}) 22... Qxd7 {#} 23. e4 Bb8 24. e5 Nc6 (24...
fxe5 25. dxe5 Rc8 {#Black has hope in an ending using his d-passer.}) 25. Qc2
$1 {#hits c6-Knight and h7} 25... Ne7 26. Bxh7+ Kh8 27. Bd3 fxe5 28. dxe5 Rc8 {
#But now, White has the endgame advantage due to his Bishops and 4-2 Kingside.}
29. Qd2 Nf5 30. Bxf5 {Don't see the Knight doing much!} (30. Rxc8+ Qxc8 31. Qg5
{#Black can't stop invasions. Note the coordinated Bishop-pair controls c-file.
}) 30... exf5 31. Rxc8+ Qxc8 32. Qxd5 {
#White could win this if not for one tiny problem...} (32. Qd4 {with idea of
e6, hitting g7. White must look out for Ba7 (pinning Queen) tricks, however}) (
32. Qc3 {Is probably best, the Bishop ending with 4 vs 2 shouldn't be too hard,
with the main goal being to get it to a Pawn ending (or advancing Pawns to
create connected passers.}) 32... Ba7+ 33. Kh1 ({Safer is} 33. Kf1 Qc2 34. Qa8+
Kh7 35. Qxa7 Qb1+ $1 {so Bishop capture is with check and forks} (35... Qxb2 $2
36. Qe3 {White probably wins!} ({Not a time to be greedy} 36. Qxa6 $2 Qc1+ 37.
Kf2 Qd2+ {#} 38. Kg3 Qg5+ $11)) 36. Kf2 Qxb2+ 37. Kf1 Qxe5) 33... Qc2 34. Qd8+
Kh7 35. Qh4+ {#} 35... Kg8 $2 {missing a chance} (35... Kg6 36. Qg3+ Kf7 {
#and Black has run away from checks with Qxb2 and Qb1 mate as threats.} 37. e6+
Ke8) 36. Qd8+ Kh7 1/2-1/2

[Event "Pawns-Case"]
[Site "?"]
[Date "????.??.??"]
[Round "?"]
[White "Mikulecky, Bob"]
[Black "Dyczkowski, R."]
[Result "0-1"]
[WhiteElo "1470"]
[BlackElo "1517"]
[PlyCount "49"]

1. e4 e5 2. Nf3 Nc6 3. Bc4 Nf6 4. d3 h6 5. O-O Bc5 6. h3 O-O 7. Nc3 d6 8. Na4 {
# see previous game, Black can play similarly} 8... Bb6 (8... Bd4 9. Nxd4 exd4
{#with idea of a6 and b5. Compared to previous game, White's Bishop at c4
causes him greater headaches.} 10. b3 {only way to free Na4} (10. c3 $2 a6 11.
Bb3 {to dodge pin} 11... b5 {traps N}) (10. Bb5 $2 Ne7 $1 11. b3 a6 12. Bc4 b5)
10... a6 11. Nb2 b5 12. Bd5 Nxd5 13. exd5 {#} 13... Ne7 14. Qf3 Bb7 {
#to win d5-Pawn, but...} 15. Qg4 $1 {threatening Qxd4 or Bxh6}) 9. Bd2 Be6 10.
Bb3 Qd7 {#hoping for Bxh3,Qxh3,Ng4} 11. Kh2 Rad8 12. c3 d5 13. Qe2 dxe4 14.
dxe4 Bxb3 15. axb3 {#} 15... Qd3 16. Rfe1 Na5 17. Qxd3 Rxd3 {#} 18. Ra3 (18.
Rad1 Rfd8 {pins d2-Bishop, making Nb3 all the worse}) 18... Rfd8 19. Nxb6 (19.
Bc1 Rd1 20. Be3 {#} 20... Rxe1 21. Nxe1 Bxe3 22. fxe3 Nxe4) 19... axb6 {#} 20.
c4 (20. Be3 Nxe4 21. Bxb6 $1) 20... Rxd2 21. Nxd2 Rxd2 22. f3 Rxb2 23. Rd1 (23.
Re3 {idea of Rd3} 23... Nh5 $1 24. Rd3 (24. Kg1 Nf4 {
hitting g2, stopping g3 (because then Nxh3+), and stopping Rd3}) 24... Nf4 25.
Rd8+ Kh7 26. Rd7 Rxg2+ 27. Kh1 c6 28. Rxf7 Rb2 {
Black is shooting Pawns like ducks.}) 23... Rxb3 24. Rxb3 Nxb3 {
# We'd expect 2N+2P to beat a Rook.} 25. Rd7 $4 {Yikes!!} (25. Rd8+ Kh7 26. Rb8
(26. Rc8 {to weaken b6} 26... c6 27. Rb8 b5 28. cxb5 cxb5 29. Rxb7 Nd4 {
#and Black wins by getting a Knight to cover b4 while something holds Pawns.})
26... Nc5 (26... c6 $2 27. Rxb7)) 0-1

[Event "Pawns-Case"]
[Site "?"]
[Date "2002.10.15"]
[Round "?"]
[White "Abdallah, Dean"]
[Black "Zoellner, John"]
[Result "1-0"]
[WhiteElo "1512"]
[BlackElo "1363"]
[PlyCount "78"]
[EventDate "2002.??.??"]

1. g3 c5 2. Bg2 Nf6 3. b3 d6 4. Bb2 Nbd7 5. Nc3 g6 6. Nf3 Bg7 7. d3 O-O 8. O-O
a6 9. Qd2 Re8 10. Nd1 Rb8 11. Ne3 Nb6 12. Qc3 $2 Bd7 (12... Nh5) 13. Ng5 Nh5
14. Qd2 Bxb2 15. Rab1 Bg7 16. a4 Bh6 17. h4 Ng7 18. a5 Nc8 19. Bd5 Bxg5 20.
hxg5 e6 21. Bg2 Qxg5 22. f4 Qxg3 23. Rf2 Qh4 24. Rbf1 Qd8 25. Kh2 Bc6 26. Kg3
Bxg2 27. Kxg2 Qf6 28. Ng4 Qd8 29. Rh1 f5 30. Nh6+ Kf8 31. Qc3 Qd7 32. Qf6+ Qf7
33. Nxf7 Re7 34. Nh6+ Ke8 35. Qc3 Na7 36. Ng8 Rf7 37. Nf6+ Ke7 38. Rxh7 Rxf6
39. Rxg7+ Rf7 {White soon won} 1-0